000 00663nam a2200241 i 4500
001 C2-0018566
003 PPAK
005 20190630221947.0
008 970202s1993 enka|||| ||||| | eng d
020 _a0749306904
040 _aPPAK
_beng
_cPPAK
_erda
082 0 4 _a941.085092
_223
090 0 0 _a941.085092
_bDAV
_dG
100 1 _aDavenport-Hines, Richard,
_eauthor
245 1 4 _aThe Macmillans
264 1 _aLondon :
_bMandarin Paperbacks ,
_c1993
300 _axiii, 370 pages :
_billustrations ;
_c20 cm
336 _2rdacontent
_atext
337 _2rdamedia
_aunmediated
338 _2rdacarrier
_avolume
650 1 0 _aMacmillan family
942 _ddc
_cB
999 _c4203
_d4203